000 00304nam a2200133Ia 4500
008 170620s9999 xx 000 0 und d
020 _a8185731365
100 _aKAMBOJ- P. C
245 0 _aPHARMACEUTICAL ANALYSIS
260 _bVALLABH
260 _c2007
300 _a631
546 _aEnglish
690 _aPHARMACEUTICAL ANALYSIS
999 _c31352
_d31352